Statistics for E17(関越道)のIC

Click here to take the quiz!

General Stats

  • This quiz has been taken 217 times
  • The average score is 30 of 44

Answer Stats

Answers% Correct
IC練馬
94%
IC高崎
93%
JCT高崎
93%
JCT/IC大泉
88%
JCT藤岡
87%
IC長岡
87%
IC水上
87%
JCT長岡
87%
JCT鶴ヶ島
87%
IC鶴ヶ島
87%
SA高坂
85%
IC湯沢
85%
IC川越
84%
IC前橋
84%
IC所沢
82%
IC東松山
80%
PA/SIC三芳
79%
IC沼田
79%
PA嵐山
77%
PA/SIC寄居
76%
IC渋川伊香保
74%
SA/SIC上里
71%
IC六日町
69%
IC花園
68%
IC嵐山小川
67%
SA赤城高原
66%
IC本庄児玉
65%
IC/PA赤城
65%
IC月夜野
63%
PA土樽
61%
IC/SA越後川口
58%
PA谷川岳
58%
SA/IC塩沢石打
56%
IC小千谷
56%
IC小出
55%
SIC坂戸西
52%
IC昭和
47%
PA/SIC駒寄
44%
SIC高崎玉村
42%
IC/PA堀之内
41%
PA下牧
31%
PA/SIC大和
31%
SIC長岡南越路
29%
PA山谷
20%

Score Distribution

Percentile by Number Answered

Percent of People with Each Score

Your Score History

You have not taken this quiz